[Event "MCR mladeze, Kouty 2018 - D12"]
[Site "Kouty nad Desnou"]
[Date "2018.03.12"]
[Round "3"]
[White "Rolinkova, Adela"]
[Black "Sulcova, Tereza"]
[Result "0-1"]
[WhiteElo "1209"]
[BlackElo "1140"]
[EventDate "2018.03.10"]

1. e4  e6  2. d4  d5
3. exd5  exd5  4. Nc3
c6  5. Bf4  Bd6
6. Bxd6  Qxd6  7. Nf3  Ne7
8. Bd3  Bf5  9. Ne5
O-O  10. Qd2  Nd7
11. Nxd7  Bxd7  12. O-O-O
b5  13. Qg5  a5
14. Qh4  Ng6  15. Qh5  a4
16. Ne2  b4  17. f4
b3  18. a3  bxc2
19. Bxc2  h6  20. Ng3
Nxf4  21. Nf5  Nxh5
22. Nxd6  Nf6  23. Rde1
Be6  24. Nb7  Nd7
25. Re2  Rfb8  26. Nd6
c5  27. dxc5  Nxc5
28. Bf5  Nb3+  29. Kb1
Nd4  30. Bxe6  Nxe2
31. Bxf7+  Kh8  32. Bxd5
Nc3+  33. Ka1  Nxd5
34. Rd1  Ne3  35. Rd2
Kh7  36. Re2  Rd8
37. Nf7  Rf8  38. Nxh6
Nxg2  39. Rxg2  Kxh6 0-1

[Event "MCR mladeze, Kouty 2018 - D12"]
[Site "Kouty nad Desnou"]
[Date "2018.03.12"]
[Round "3"]
[White "Stribna, Julie"]
[Black "Novakova, Barbora"]
[Result "0-1"]
[WhiteElo "1061"]
[BlackElo "1188"]
[EventDate "2018.03.10"]

1. e4  c5  2. c3  d5
3. exd5  Qxd5  4. d4
Nf6  5. Nf3  Nc6
6. Be3  Bg4  7. Be2
e6  8. O-O  Bd6
9. Qd2  cxd4  10. cxd4  Ne4
11. Qd1  O-O  12. Re1
Bb4  13. Nbd2  Rfd8
14. a3  Nxd2  15. axb4
Nxf3+  16. Bxf3  Bxf3
17. Qxf3  Qxf3  18. gxf3 a6
19. Rad1  Nxb4  20. Kh1
Nc2  21. Re2  Rac8
22. Rdd2  Nxe3  23. fxe3
a5  24. Rd1  b5
25. Ra1  Ra8  26. Rc2  a4
27. b4  axb3  28. Rxa8
Rxa8  29. Rb2  Ra3
30. Rb1  Kf8  31. Kg1
Ke7  32. Kf1  Kd6
33. Ke2  Kd5  34. Kd3
b2+  35. Kc2  Kc4
36. Rxb2  Rxe3  37. Kc1
Rxf3  38. Rg2  g6
39. Rg4  Kc3  40. Rg1
b4  41. Rd1  b3
42. Kb1  Rf2  43. h3  Rb2+
44. Kc1  Ra2  45. Kb1
Ra4  46. Rc1+  Kxd4
47. Rd1+  Kc3  48. Rc1+
Kd2  49. Rc8  f5
50. Kb2  f4  51. Kxb3
Re4  52. Rc2+  Kd1
53. Rh2  f3  54. Rh1+
Re1  55. Rh2  Re2
56. Rxe2  fxe2  57. Kc4
e1=Q  58. Kb5  Qc3
59. Ka6  Qb2  60. Ka5
Kc2  61. Ka4  Kc3
62. Ka5  Kc4  63. Ka4
Qa2#  0-1

[Event "MCR mladeze, Kouty 2018 - D12"]
[Site "Kouty nad Desnou"]
[Date "2018.03.12"]
[Round "3"]
[White "Szuscikova, Natalie"]
[Black "Spacilova, Klara"]
[Result "0-1"]
[WhiteElo "1181"]
[BlackElo "1014"]
[EventDate "2018.03.10"]

1. e4  c5  2. Nf3  d6
3. d4  cxd4  4. Nxd4
Nf6  5. Nc3  g6
6. Be3  Bg7  7. f3  O-O
8. Qd2  Re8  9. O-O-O
Nc6  10. g4  a6
11. h4  Bd7  12. h5  b5
13. hxg6  fxg6  14. Bh6
Bh8  15. Qh2  e5
16. Nxc6  Bxc6  17. Bg5 Qe7
18. f4  Rad8  19. f5
Qf7  20. Bxf6  Bxf6
21. Qh6  Qe7  22. fxg6
Bg5+  23. Qxg5  Qxg5+
24. Rd2  Qxg6  25. Rdh2
Re7  26. Bd3  Qg5+
27. Kb1  Rg7  28. Be2
d5  29. Rh5  Qe3
30. Bd3  d4  31. Ne2
Bxe4  32. Rxe5  Rxg4
33. Rf1  Rf8  34. Re1
Qf3  35. Nc1  Bxd3
36. Nxd3  Kh8  37. a3
Rgg8  38. Re7  Qf6
39. R7e6  Qh4  40. Rxa6
Rf3  41. Rae6  Re3
42. R6xe3  dxe3  43. Rxe3
Qc4  44. Re1  Qd4
45. Ka2  Rg1  46. Re8+
Kg7  47. Re7+  Kg6
48. Re6+  Kf5  49. Re5+
Qxe5  50. Nxe5  Kxe5
51. Kb3  h5  52. Kb4
h4  53. Kxb5  h3
54. a4  h2  55. a5
h1=Q  56. Kb6  Rb1
57. b3  Rc1  58. c4
Rb1  59. c5  Rxb3+
60. Ka6  Qg1  61. c6
Qg8  62. Ka7  Qc8
63. a6  Qb8# 0-1

[Event "MCR mladeze, Kouty 2018 - D12"]
[Site "Kouty nad Desnou"]
[Date "2018.03.12"]
[Round "3"]
[White "Seda, Michaela"]
[Black "Vavrinkova, Marie"]
[Result "1-0"]
[WhiteElo "1250"]
[BlackElo "1165"]
[EventDate "2018.03.10"]

1. e4  e5  2. Nf3  Nf6
3. Nxe5  d6  4. Nf3
Nxe4  5. d4  d5
6. Bd3  Bd6  7. O-O  O-O
8. c4  c6  9. Nc3
Nxc3  10. bxc3  Bg4
11. h3  Bh5  12. Rb1
Nd7  13. Rxb7  Nb6
14. c5  a6  15. Rxb6
Bb8  16. Rxc6  Qd7
17. Rb6  Qc7  18. g3
Qc8  19. Kg2  Rd8
20. Qe2  h6  21. Re1 1-0

[Event "MCR mladeze, Kouty 2018 - D12"]
[Site "Kouty nad Desnou"]
[Date "2018.03.12"]
[Round "3"]
[White "Havelkova, Beata"]
[Black "Glasbergerova, Lucie"]
[Result "1-0"]
[WhiteElo "1148"]
[BlackElo "1222"]
[EventDate "2018.03.10"]

1. e4  e5  2. Nf3  Nc6
3. Bb5  a6  4. Ba4
Be7  5. O-O  Nf6
6. Re1  b5  7. Bb3
O-O  8. c3  d5
9. d4  dxe4  10. Nxe5  Nxe5
11. dxe5  Ng4  12. Rxe4
Qxd1+  13. Bxd1  Bc5
14. Bxg4  Rd8  15. Be2
Be6  16. Be3  Bb6
17. Bxb6  cxb6  18. f4
h6  19. Kf2  Rac8
20. Ke3  f5  21. Rd4
Kf7  22. Nd2  g5
23. g3  Rd5  24. Rxd5
Bxd5  25. Rd1  Bxa2
26. Ra1  Be6  27. Rxa6
Rb8  28. Bxb5  Bc8
29. Ra1  Be6  30. Bc4
b5  31. Bxe6+  Kxe6
32. Ra6+  Ke7  33. Rxh6
g4  34. Nb3  b4
35. Nd4  bxc3  36. bxc3  Rf8
37. Rh7+  Ke8  38. Ra7
Kd8  39. Ne6+  Ke8
40. Ra8+  Ke7  41. Nxf8
Kf7  42. e6+  Ke7
43. Kd4  Kd6  44. c4
Ke7  45. Kd5  Kf6
46. Kd6  Kg7  47. e7
Kf6  48. e8=Q  Kg7
49. Qg6+  Kh8  50. Qh7#
1-0

[Event "MCR mladeze, Kouty 2018 - D12"]
[Site "Kouty nad Desnou"]
[Date "2018.03.12"]
[Round "3"]
[White "Zemanova, Nikola"]
[Black "Markova, Karolina"]
[Result "1/2-1/2"]
[WhiteElo "1173"]
[BlackElo "1147"]
[EventDate "2018.03.10"]

1. e4  e5  2. Nf3  Nf6
3. Nxe5  d6  4. Nf3
Nxe4  5. d3  Nf6
6. Be2  d5  7. d4
Bd6  8. Nc3  O-O
9. Bg5  c6  10. O-O
Re8  11. Re1  Bg4
12. Qd2  Nbd7  13. h3
Bxf3  14. Bxf3  Qc7
15. g3  Rxe1+  16. Qxe1
Re8  17. Ne2  Ne4
18. Bxe4  dxe4  19. Bf4
Nf6  20. Bxd6  Qxd6
21. c3  Nd5  22. Kg2
f5  23. Ng1  f4
24. g4  f3+  25. Kh1  Qg6
26. Kh2  h5  27. Kg3
Kf7  28. c4  Nc7
29. Qe3  Ne6  30. d5
cxd5  31. cxd5  Nd8
32. Qf4+  Kg8  33. d6
Rf8  34. Qd2  hxg4
35. hxg4  Nf7  36. d7
Rd8  37. Rd1  Qe6
38. Qd5  Qe5+  39. Qxe5
Nxe5  40. Kf4  Nxd7
41. Rd4 1/2-1/2

[Event "MCR mladeze, Kouty 2018 - D12"]
[Site "Kouty nad Desnou"]
[Date "2018.03.12"]
[Round "3"]
[White "Martinkova, Magdalena"]
[Black "Movsisyan, Lusine"]
[Result "1-0"]
[WhiteElo "1112"]
[BlackElo "1000"]
[EventDate "2018.03.10"]

1. e4  c5  2. Nf3  d6
3. d4  cxd4  4. Nxd4
Nf6  5. Nc3  e6
6. f3  Be7  7. Be3  O-O
8. Qd2  Nc6  9. g4
a6  10. O-O-O  Bd7
11. g5  Ne8  12. h4
b5  13. Nxc6  Bxc6
14. h5  g6  15. hxg6
fxg6  16. Qh2  h5
17. gxh6  b4  18. h7+
Kf7  19. h8=Q  Rxh8
20. Qxh8  Bf6  21. Qh7+
Ng7  22. Ne2  Qa5
23. Kb1  Qe5  24. Bd4
Qg5  25. Rg1  Qh5
26. Qxh5  Nxh5  27. Bxf6
Nxf6  28. Rxd6  Bb5
29. Nf4  Bd7  30. Nxg6
a5  31. e5  Rc8
32. exf6  Ke8  33. f7+  Kd8
34. f8=Q+  Kc7  35. Qe7
Kb7  36. Qxd7+  Rc7
37. Ba6+  Kb8  38. Rb6+
Ka8  39. Qxc7  a4
40. Qb7#  1-0

[Event "MCR mladeze, Kouty 2018 - D12"]
[Site "Kouty nad Desnou"]
[Date "2018.03.12"]
[Round "3"]
[White "Stavova, Helena"]
[Black "Ticha, Sofie"]
[Result "1/2-1/2"]
[WhiteElo "1000"]
[BlackElo "1086"]
[EventDate "2018.03.10"]

1. e4  c5  2. Nf3  e6
3. d4  cxd4  4. Nxd4
Nf6  5. Nc3  Nc6
6. Nxc6  bxc6  7. Bg5
Bb4  8. e5  Qa5
9. Qd2  Qxe5+  10. Be3  d5
11. a3  Bc5  12. Rd1
d4  13. Be2  O-O
14. Bxd4  Bxd4  15. Qxd4
Qxd4  16. Rxd4  Bb7
17. O-O  c5  18. Rd3
Rad8  19. Rfd1  Rxd3
20. Rxd3  Ba6  21. Re3
Bxe2  22. Rxe2  Rd8
23. h3  h6  24. Na4
c4  25. b3  cxb3
26. cxb3  Rd3  27. Rb2
Rd1+  28. Kh2  Ra1
29. Rc2  Nd5  30. Rc8+
Kh7  31. Ra8  Rxa3
32. Rxa7  Rxb3  33. Rxf7
Ra3  34. Nc5  Kg6
35. Rd7  Kf6  36. Rd6
Nc7  37. Rc6  Ra7
38. Kg3  Ke5  39. Nd3+
Kd5  40. Rc5+  Kd4
41. Rc1  Kxd3  42. Rd1+
Ke4  43. Rd7  Nb5
44. Rd2  Kf5  45. Rc2
Nd4  46. Rc5+  Kf6
47. Kf4  Ra4  48. Ke3
Nf5+  49. Kd3  Nh4
50. g3  Nf3  51. Rc8
Ne5+  52. Ke3  Ra3+
53. Ke4  Nd3  54. Rc2
g5  55. Kd4 e5+ 56. Ke4  h5
57. Rc6+  Kg7  58. Rc2
g4 59. hxg4  hxg4  60. Rd2
Ne1  61. Kf5  Ra4
62. Rd7+  Kf8 1/2-1/2

[Event "MCR mladeze, Kouty 2018 - D12"]
[Site "Kouty nad Desnou"]
[Date "2018.03.12"]
[Round "3"]
[White "Stastna, Alena"]
[Black "Sehnoutkova, Laura"]
[Result "1-0"]
[WhiteElo "1067"]
[BlackElo "1079"]
[EventDate "2018.03.10"]

1. e4  c5  2. Nf3  Nc6
3. d4  cxd4  4. Nxd4
g6  5. Nc3  Bg7
6. Be3  Nf6  7. Bc4  Qa5
8. O-O  Qb4  9. Bb3
Nxe4  10. Nxe4  Nxd4
11. c3  Qb6  12. cxd4
O-O  13. Rc1  d6
14. Rc2  Bf5  15. d5
Qd8  16. f3  e6
17. g4  Bxe4  18. fxe4  exd5
19. Bxd5  Kh8  20. Bxf7
Qh4  21. Rcf2  1-0

[Event "MCR mladeze, Kouty 2018 - D12"]
[Site "Kouty nad Desnou"]
[Date "2018.03.12"]
[Round "3"]
[White "Nespora, Tatana"]
[Black "Jaresova, Vendula"]
[Result "1-0"]
[WhiteElo "1274"]
[BlackElo "1000"]
[EventDate "2018.03.10"]

1. e4  e5  2. Nf3  Nc6 3. Nc3 Nf6
4. d4  exd4 5. Nd5  Nxd5
6. exd5  Nb4  7. Nxd4
Nxd5  8. Bc4  Bb4+
9. c3  Bc5  10. Bxd5
f6  11. Be3  1-0

[Event "MCR mladeze, Kouty 2018 - D12"]
[Site "Kouty nad Desnou"]
[Date "2018.03.12"]
[Round "3"]
[White "Coufalova, Laura"]
[Black "Mitasova, Klara"]
[Result "1-0"]
[WhiteElo "1089"]
[BlackElo "1000"]
[EventDate "2018.03.10"]

1. e4  e5  2. Nf3  Nc6
3. Bc4  Nf6  4. d4
exd4  5. O-O  Bc5
6. Bg5  O-O  7. e5
Be7  8. exf6  Bxf6
9. Bxf6  Qxf6  10. Nbd2
Na5  11. Bb3  d6
12. Ne4  Qg6  13. Ng3
b6  14. Nxd4  Bb7
15. Nf3  c5  16. Nh4
Qf6  17. Qg4  g6
18. Nhf5  Rfe8  19. Nh6+
Kf8  20. Bxf7  Re7
21. Bb3  d5  22. c3
d4  23. cxd4  cxd4
24. Bc2  Qc6  25. Qf3+
Ke8  26. Qxc6+  Bxc6
27. Rfe1  Rd8  28. Rxe7+
Kxe7  29. Rd1  Nc4
30. b3  Nb2  31. Rd2
d3  32. Bd1  Nxd1
33. Rxd1  d2  34. Nf1
Kf8  35. Ng4  Rd4
36. Nge3  Be4  37. Nxd2
Bd3  38. Nf3  Rd6
39. Ne5  Rd8  40. Nxd3
Rc8  41. Rc1  Rd8
42. Nf4  a5  43. Ne6+
Ke7  44. Nxd8  Kxd8
45. f4  b5  46. g4
b4  47. Rc5  a4
48. bxa4  Kd7  49. a5  Kd6
50. Rc1  Ke6  51. a6
b3  52. axb3  Kf6 53. a7 Kg7
54. a8=Q  h5  55. Qb7+
Kh6  56. g5# 1-0

[Event "MCR mladeze, Kouty 2018 - D12"]
[Site "Kouty nad Desnou"]
[Date "2018.03.12"]
[Round "3"]
[White "Jandova, Zuzana"]
[Black "Macova, Marketa"]
[Result "1-0"]
[WhiteElo "1029"]
[BlackElo "1000"]
[EventDate "2018.03.10"]

1. e4  e5  2. Nf3  Nc6
3. Nc3  Bc5  4. Bc4
d6  5. O-O  Bg4
6. d3  Nd4  7. Bb5+  c6
8. Bc4  d5  9. exd5
cxd5  10. Bb5+  Nxb5
11. Nxb5  Qf6  12. Nc7+
Kf8  13. Nxa8  Qg6
14. Nc7  e4  15. dxe4
dxe4  16. Qd8#  1-0

[Event "MCR mladeze, Kouty 2018 - D12"]
[Site "Kouty nad Desnou"]
[Date "2018.03.12"]
[Round "4"]
[White "Hosova, Sandra"]
[Black "Fizerova, Lucie"]
[Result "0-1"]
[WhiteElo "1142"]
[BlackElo "1367"]
[EventDate "2018.03.10"]

1. e4  d5  2. exd5  Nf6
3. Nc3  Nxd5  4. Qf3
Nf6  5. Bc4  Nc6
6. Nge2  Bg4  7. Qe3
e6  8. f3  Bh5
9. d4  Be7  10. Bd2  Nb4
11. Bb3  Bg6  12. Rc1
Qd7  13. a3  Nc6
14. O-O  O-O-O  15. Ba4
h5  16. d5  exd5
17. Bxc6  Qxc6  18. Qxe7 d4
19. Nxd4  Rxd4  20. Qe3
Rhd8  21. Be1  Qd7
22. b3  Re8  23. Qf2
h4  24. Ne2  Rd6
25. Qxa7  Ra6  26. Qf2
h3  27. Nf4  hxg2
28. Qxg2  Qd4+  29. Kh1
Qxf4  30. Bg3  Qh6
31. a4  Rae6  32. Rfd1
Re2  33. Bf2  Qf4
34. Re1  Rxe1+  35. Rxe1
Rxe1+  36. Bxe1  Qc1
37. Qd2  Qxd2  38. Bxd2
Bxc2  0-1

[Event "MCR mladeze, Kouty 2018 - D12"]
[Site "Kouty nad Desnou"]
[Date "2018.03.12"]
[Round "4"]
[White "Novakova, Barbora"]
[Black "Voriskova, Anna"]
[Result "0-1"]
[WhiteElo "1188"]
[BlackElo "1521"]
[EventDate "2018.03.10"]

1. e4  c5  2. Nf3  d6
3. Bb5+  Bd7  4. Bxd7+
Qxd7  5. O-O  Nc6
6. c3  Nf6  7. Re1
e6  8. d4  cxd4
9. cxd4  Be7  10. Nc3  O-O
11. Qe2  Rfe8  12. Bg5
Rac8  13. Rad1  Qc7
14. d5  exd5  15. Nxd5
Nxd5  16. exd5  Ne5
17. Bxe7  Qxe7  18. Nxe5
Qxe5  19. Qd2  Qf5
20. Re2  Rxe2  21. Qxe2
h6  22. g4  Qg6
23. h3  h5  24. f3  hxg4
25. fxg4  Rc2  26. Qe8+
Kh7  27. Qb5  Qf6
28. Rf1  Qd4+  29. Kh1
Qe4+  30. Kg1  Qg2#
0-1

[Event "MCR mladeze, Kouty 2018 - D12"]
[Site "Kouty nad Desnou"]
[Date "2018.03.12"]
[Round "4"]
[White "Vankova, Marie"]
[Black "Sulcova, Tereza"]
[Result "1-0"]
[WhiteElo "1291"]
[BlackElo "1140"]
[EventDate "2018.03.10"]

1. e4 e6 2. d4  d5  3. exd5  exd5
4. c4  c6  5. Nc3
Be6  6. Nf3  Bd6
7. c5  Bc7  8. Bd3
Ne7  9. O-O  O-O
10. Qc2  h6  11. Re1
Nd7  12. Bd2  Nf6
13. Ne5  b6  14. Qc1
Bxe5  15. dxe5  Ne8
16. Re3  Bf5  17. Rg3 Bxd3 18.
Rxd3  Nf5  19. g4  Ne7
20. Bxh6  Nc7  21. Rh3
Ne6  22. Bxg7  Nxg7
23. Qh6  1-0

[Event "MCR mladeze, Kouty 2018 - D12"]
[Site "Kouty nad Desnou"]
[Date "2018.03.12"]
[Round "4"]
[White "Pejrimovska, Viola Ruby"]
[Black "Martinkova, Magdalena"]
[Result "1-0"]
[WhiteElo "1444"]
[BlackElo "1112"]
[EventDate "2018.03.10"]

1. e4  e5  2. Nf3  Nc6
3. Nc3  Nf6  4. d4
exd4  5. Nd5  Be7
6. Bf4  d6  7. Nxd4
Ne5  8. Nb5  Nxd5
9. exd5  a6  10. Nc3
O-O  11. Qd2  Bf5
12. O-O-O  Bf6  13. Kb1
Re8  14. h3  h6
15. Be2  b5  16. g4  Bg6
17. f3  Nd7  18. Rhe1
Nc5  19. Bf1  b4
20. Ne4  Nxe4  21. fxe4
Bxe4  22. Bg2  Bxg2
23. Qxg2  a5  24. Qh2
a4  25. h4  a3
26. g5  Bxb2  27. gxh6  Qf6
28. Bg5  Qc3  29. Bd2
Rxe1  30. Rxe1  Qd4
31. Qf4  Qxf4  32. Bxf4
Ra5  33. Rd1  gxh6
34. Bxh6  Kh7  35. Bg5
Kg6  36. Bd8  Rc5
37. Bg5  c6  38. dxc6
Rxc6  39. Be7  Be5
40. Rg1+  Kf5  41. h5
Ke6  42. Bf8  f5
43. h6  Rc8  44. Bg7
Rg8  45. Kc1  Bf4+
46. Kd1  Bxh6  47. Re1+
Kf7  48. Bxh6  Re8
49. Rxe8  Kxe8  50. Bf4
Kd7  51. Bd2  b3
52. cxb3  Kc6  53. Bb4
d5  54. Bxa3  d4
55. Bc1  Kd5  56. a4
Kc5  57. Bd2  Kb6
58. b4  Ka6  59. b5+
Kb6  60. Kc2  Kc5
61. Kd3  f4  62. Bxf4
Kb6  63. Kxd4  Kb7
64. a5  Ka8  65. Kd5
Ka7  66. Kc6  Ka8
67. Kc7  Ka7  68. b6+
Ka8  69. b7+  Ka7
70. b8=Q+  Ka6  71. Qb6#
1-0

[Event "MCR mladeze, Kouty 2018 - D12"]
[Site "Kouty nad Desnou"]
[Date "2018.03.12"]
[Round "4"]
[White "Nagyova, Daniela"]
[Black "Stastna, Alena"]
[Result "0-1"]
[WhiteElo "1313"]
[BlackElo "1067"]
[EventDate "2018.03.10"]

1. e4  c5  2. d4  e6
3. c3  Nc6  4. Nf3
cxd4  5. cxd4  d6
6. Bb5  f6  7. O-O
a6  8. Bxc6+  bxc6
9. Re1  Bb7  10. d5
e5  11. Nh4  Ne7
12. Nc3  Qa5  13. dxc6
Bxc6  14. Nf5  Nxf5
15. exf5  d5  16. Qh5+
Kd8  17. Qe2  d4
18. Rd1  Bb4  19. f4
Qc5  20. Kh1  Re8
21. fxe5  Rxe5  22. Qf2
Kc8  23. Nb1  Rxf5
24. Qe2  Qd5  25. a3
Bd6  26. Qc2  Kd7
27. Qe2  Rh5  28. Qg4+
Kd8  29. Qxg7  Rxh2+
30. Kg1  Rxg2+  0-1

[Event "MCR mladeze, Kouty 2018 - D12"]
[Site "Kouty nad Desnou"]
[Date "2018.03.12"]
[Round "4"]
[White "Spacilova, Klara"]
[Black "Koci, Magda"]
[Result "0-1"]
[WhiteElo "1014"]
[BlackElo "1301"]
[EventDate "2018.03.10"]

1. e4  e5  2. Nf3  Nc6
3. Nc3  Nf6  4. Bb5
Nd4  5. d3  Bb4
6. Be3  Nxb5  7. Bd2  Nxc3
8. Bxc3  Bxc3+  9. bxc3
d6  10. O-O  O-O
11. Rb1  b6  12. Re1
Bg4  13. h3  Bh5
14. Re3  Re8  15. Qd2
Bxf3  16. Rxf3  d5
17. exd5  Nxd5  18. Re1
Nf4  19. Rfe3  Qg5
20. g3  Nd5  21. R3e2
Qxd2  22. Rxd2  Nxc3
23. Ra1  Rad8  24. a4
a5  25. Kg2  Rd4
26. f3  Rxa4  27. Rxa4
Nxa4  28. c4  Nc5
29. g4  a4  0-1

[Event "MCR mladeze, Kouty 2018 - D12"]
[Site "Kouty nad Desnou"]
[Date "2018.03.12"]
[Round "4"]
[White "Trasakova, Adela"]
[Black "Seda, Michaela"]
[Result "1-0"]
[WhiteElo "1227"]
[BlackElo "1250"]
[EventDate "2018.03.10"]

1. d4  d5  2. Nf3  Nc6
3. Bf4  Nf6  4. e3
Bg4  5. c3  e6
6. Bb5  a6  7. Bxc6+  bxc6
8. Qa4  Qd7  9. Ne5
Qd8  10. Qxc6+  Ke7
11. Bg5  h6  12. Bxf6+
gxf6  13. Nxg4  Rg8
14. h3  h5  15. Nh2
Rxg2  16. Nd2  Bh6
17. Nhf3  Ra7  18. Qc5+
Kd7  19. Qxa7  Qg8
20. Qxa6  Qg6  21. Qe2
Qc2  22. Nb3  1-0

[Event "MCR mladeze, Kouty 2018 - D12"]
[Site "Kouty nad Desnou"]
[Date "2018.03.12"]
[Round "4"]
[White "Zelbova, Lada"]
[Black "Havelkova, Beata"]
[Result "1-0"]
[WhiteElo "1131"]
[BlackElo "1148"]
[EventDate "2018.03.10"]

1. e4  c5  2. Nf3  d6
3. d4  cxd4  4. Nxd4
Nc6  5. f4  g6
6. Bb5  Bd7  7. Nc3  Bg7
8. Nxc6  Bxc6  9. Bxc6+
bxc6  10. Qf3  Qb6
11. Rb1  Rb8  12. b3
e6  13. Bb2  Ne7
14. e5  dxe5  15. Na4
Qb5  16. c4  Qa5+
17. Qc3  Qxc3+  18. Bxc3
O-O  19. Bxe5  Bxe5
20. fxe5  f6  21. exf6
Rxf6  22. Rf1  Rxf1+
23. Kxf1  Re8  24. Nc5
Kf7  25. Rd1  Kf6
26. g4  Ng8  27. Rd7
e5  28. Ne4+  Ke6
29. Rd6+  Ke7  30. Rxc6
Rf8+  31. Ke2  Kd7
32. Ra6  Ra8  33. Ke3
Ne7  34. Nf6+  Kc7
35. Nxh7  Nc6  36. Ng5
Re8  37. Ke4  Kb7
38. Ra4  Kb6  39. b4
a6  40. Nf3  Re7
41. Nd2  Rd7  42. Nb3
Rd8  43. Ke3  Rh8
44. Na5  Rxh2  45. Nxc6
Kxc6  46. Rxa6+  1-0

[Event "MCR mladeze, Kouty 2018 - D12"]
[Site "Kouty nad Desnou"]
[Date "2018.03.12"]
[Round "4"]
[White "Stavova, Helena"]
[Black "Rolinkova, Adela"]
[Result "0-1"]
[WhiteElo "1000"]
[BlackElo "1209"]
[EventDate "2018.03.10"]

1. e4  d6  2. d4  Nf6
3. Nc3  g6  4. Nf3
Bg7  5. Bc4  O-O
6. Be3  Nxe4  7. Nxe4
d5  8. Bd3  dxe4
9. Bxe4  c6  10. O-O
Bg4  11. h3  Bxf3
12. Bxf3  Qa5  13. c3
Nd7  14. Qd2  Rad8
15. Bh6  e5  16. Bxg7
Kxg7  17. Rad1  Qxa2
18. Ra1  Qe6  19. Rxa7
e4  20. Bg4  f5
21. Be2  Nc5  22. Raa1  Nb3
23. Qe3  Nxa1  24. Rxa1
Ra8  25. Rd1  f4
26. Qd2  f3  27. Bf1
e3  28. fxe3  f2+
29. Kh1  Ra2  30. Rc1
Qb3  31. Rb1  Qa4
32. Qc1  Ra8  33. Bd3
Ra1  34. g3  Rxb1
35. Bxb1  Qa1  36. Kg2
Rf8  37. Qf1  Qxb2
38. c4  Qd2  39. Bd3
Qe1  40. h4  Qxe3
41. d5  Qf3+  42. Kh2
cxd5  43. cxd5  Qxd5
44. Kh3  b5  45. Bxb5
Qxb5  46. Qxb5  f1=Q+
47. Qxf1  Rxf1  48. Kg2
Ra1  49. Kf3  Ra4
50. Kf2  h5  51. Kf3
Kf6  52. Kf2  g5
0-1

[Event "MCR mladeze, Kouty 2018 - D12"]
[Site "Kouty nad Desnou"]
[Date "2018.03.12"]
[Round "4"]
[White "Markova, Karolina"]
[Black "Stribna, Julie"]
[Result "1-0"]
[WhiteElo "1147"]
[BlackElo "1061"]
[EventDate "2018.03.10"]

1. e4  e5  2. Nf3  Nc6
3. d4  exd4  4. Bc4
Bc5  5. c3  Nf6
6. e5  Ne4  7. cxd4  Bb6
8. O-O  O-O  9. Re1
d5  10. exd6  Nxd6
11. Bb3  Bf5  12. Nc3
h6  13. Bf4  Qd7
14. Ba4  Qd8  15. Bb3
Ne7  16. Ne5  Ng6
17. Bg3  Qf6  18. Nd5
Qg5  19. Nxg6 Qxg6  20. Ne7+
Kh8  21. Nxg6+  Bxg6
22. Be5  f6  23. Bxd6
cxd6  24. Qg4  Bh7
25. Re7  Rg8  26. Bxg8
Rxg8  27. Rxb7  d5
28. Re1  1-0

[Event "MCR mladeze, Kouty 2018 - D12"]
[Site "Kouty nad Desnou"]
[Date "2018.03.12"]
[Round "4"]
[White "Ticha, Sofie"]
[Black "Zemanova, Nikola"]
[Result "0-1"]
[WhiteElo "1086"]
[BlackElo "1173"]
[EventDate "2018.03.10"]

1. e4  e5  2. Nf3  Nc6
3. d4  d5  4. dxe5
dxe4  5. Qxd8+  Kxd8
6. Ng5  Nxe5  7. Nxe4
Bf5  8. Nbc3  Bb4
9. Bf4  f6  10. Bxe5
fxe5  11. Ng5  Ke7
12. O-O-O  Nf6  13. Bc4
Bxc3  14. bxc3  Ng4
15. Rd2  h6  16. h3
hxg5  17. hxg4  Rxh1+
18. Kb2  Bxg4  19. Rd5
Kf6  20. f3  Be6
21. Rc5  Bxc4  22. Rxc4
c6  23. Re4  Rd8
24. g3  Rf1  25. Re3
Rd2  26. Kb3  Rb1+
27. Ka3 Rxc2  28. Rd3  Rbb2
29. Rd7  Rxa2+ 30. Kb3 b5 31. c4 bxc4+
32. Kb4  Rd2  33. Rc7
Rd6  34. Kc5  Rad2
35. Kxc4  R2d3  36. Kc5
a5  37. Ra7  g6
38. Rxa5  R3d5+  39. Kb6  Rxa5
40. Kxa5  Rd3  41. f4
gxf4  42. gxf4  exf4
43. Kb6  f3  44. Kxc6
f2  45. Kc5  f1=Q
46. Kc4  Qe2  47. Kc5
Qc2+  48. Kb5  Rb3+
49. Ka5  Qa2#  0-1

[Event "MCR mladeze, Kouty 2018 - D12"]
[Site "Kouty nad Desnou"]
[Date "2018.03.12"]
[Round "4"]
[White "Glasbergerova, Lucie"]
[Black "Nespora, Tatana"]
[Result "0-1"]
[WhiteElo "1222"]
[BlackElo "1274"]
[EventDate "2018.03.10"]

1. e4  c5  2. Nf3  e6
3. d4  cxd4  4. Nxd4
Nf6  5. Nc3  d6
6. Bc4  Be7  7. Be3  O-O
8. O-O  a6  9. h3
b5  10. Bb3  Bb7
11. f3  Nbd7  12. a3
Rc8  13. Re1  Qc7
14. a4  b4  15. Nce2
d5  16. Bf4  e5
17. Bg3  Qb6  18. a5  Qc5
19. Ba4  exd4  20. Bh4
d3+  21. Bf2  dxe2
22. Bxc5  exd1=Q  23. Raxd1
Bxc5+  24. Kh1  Ne5
25. exd5  Nc4  26. Rb1
Nxd5  27. Red1  Rfd8
28. Bb3  Nde3  29. Re1
Nd2  30. Rbc1  Nxb3
31. cxb3  Bd4  32. Rb1
Rc2  33. Rg1  Be5
34. Rbe1  Bf4  35. Rb1
Bxf3  36. Rbe1  Nxg2
37. Rgf1  Nxe1+  38. Kg1
Rg2+  39. Kh1  Rg6+
40. Rxf3  Nxf3  41. h4
Rd1#  0-1

[Event "MCR mladeze, Kouty 2018 - D12"]
[Site "Kouty nad Desnou"]
[Date "2018.03.12"]
[Round "4"]
[White "Klausova, Katerina"]
[Black "Szuscikova, Natalie"]
[Result "0-1"]
[WhiteElo "1000"]
[BlackElo "1181"]
[EventDate "2018.03.10"]

1. e4  c5  2. Nf3  d6
3. d4  cxd4  4. Nxd4
Nf6  5. Nc3  g6
6. Bc4  Bg7  7. Be3  O-O
8. Qd2  Nc6  9. O-O-O
Bd7  10. f3  Rc8
11. h4  h5  12. Rhg1
a6  13. Rdf1  Ne5
14. Bb3  b5  15. Bh6
Qb6  16. Bxg7  Kxg7
17. Rh1  a5  18. f4
Neg4  19. f5  a4
20. Bd5  b4  21. Nce2
Nxd5  22. exd5  b3
23. fxg6  bxa2  24. Kd1
a1=Q+ 25. Nc1 Qbxb2  26. Rf4
Qc3  27. Nde2  Qxd2+  28. Kxd2
fxg6  29. Rxf8  Rxf8
30. g3  Rf2  31. Nd3
Qxh1  32. c3  Qxd5
33. c4  Qa5+  34. Kd1
Ne3+  35. Kc1  Rxe2
36. Kb1  Bf5  37. Ka1
Bxd3  38. c5  Qe1#
0-1

[Event "MCR mladeze, Kouty 2018 - D12"]
[Site "Kouty nad Desnou"]
[Date "2018.03.12"]
[Round "4"]
[White "Vavrinkova, Marie"]
[Black "Coufalova, Laura"]
[Result "1-0"]
[WhiteElo "1165"]
[BlackElo "1089"]
[EventDate "2018.03.10"]

1. e4  e5  2. Nf3  Nc6
3. Bb5  d6  4. d4
exd4  5. Nxd4  Bd7
6. O-O  Nf6  7. Bg5
Be7  8. Nc3  O-O
9. Bxc6  Bxc6  10. Re1
Nxe4  11. Bxe7  Qxe7
12. Nxc6  bxc6  13. Nxe4
d5  14. Ng3  Qf6
15. c3  Rfd8  16. Qd4
Qxd4  17. cxd4  Re8
18. h3  h6  19. Rac1
Re6  20. Rxe6  fxe6 21. Rxc6
Rc8  22. Rxe6  Kf7
23. Rc6  Ke7  24. Nf5+
Kf7  25. Nd6+  cxd6
26. Rxc8 1-0